<?xml version="1.0" encoding="UTF-8"?>
<record
    xmlns:xsi="http://www.w3.org/2001/XMLSchema-instance"
    xsi:schemaLocation="http://www.loc.gov/MARC21/slim http://www.loc.gov/standards/marcxml/schema/MARC21slim.xsd"
    xmlns="http://www.loc.gov/MARC21/slim">

  <leader>02001nam a22003497a 4500</leader>
  <controlfield tag="003">AR-RoUNCS</controlfield>
  <controlfield tag="005">20260608172134.0</controlfield>
  <controlfield tag="007">ta</controlfield>
  <controlfield tag="008">260608s2023    ag a|||| |||| 00| 0 spa d</controlfield>
  <datafield tag="020" ind1=" " ind2=" ">
    <subfield code="a">9789878210469</subfield>
  </datafield>
  <datafield tag="040" ind1=" " ind2=" ">
    <subfield code="a">AR-RoUNCS</subfield>
    <subfield code="b">spa</subfield>
    <subfield code="c">AR-RoUNCS</subfield>
  </datafield>
  <datafield tag="041" ind1=" " ind2=" ">
    <subfield code="a">spa</subfield>
  </datafield>
  <datafield tag="245" ind1="0" ind2="0">
    <subfield code="a">Lengua y literatura III : </subfield>
    <subfield code="b">[pr&#xE1;cticas del lenguaje] / </subfield>
    <subfield code="c">Patricia Escandar ... [et al.].</subfield>
  </datafield>
  <datafield tag="260" ind1=" " ind2=" ">
    <subfield code="a">Ciudad Aut&#xF3;noma de Buenos Aires : </subfield>
    <subfield code="b">Edelvives,</subfield>
    <subfield code="c">c2023.</subfield>
  </datafield>
  <datafield tag="300" ind1=" " ind2=" ">
    <subfield code="a">224 p. ; </subfield>
    <subfield code="b">ils. ; </subfield>
    <subfield code="c">27 cm. + </subfield>
    <subfield code="e">1 cuadernillo de actividades (56 p. ; 27 cm.)</subfield>
  </datafield>
  <datafield tag="490" ind1="0" ind2=" ">
    <subfield code="a">Dimensi&#xF3;n paralela</subfield>
  </datafield>
  <datafield tag="505" ind1=" " ind2=" ">
    <subfield code="a">Bloque I: literatura. </subfield>
    <subfield code="g">1. El reflejo de la realidad -- 2. La aparici&#xF3;n de lo sobrenatural -- 3. El reino del suspenso -- 4. Futuros literarios -- 5. La poes&#xED;a en la ciudad -- 6. La identidad en escena. </subfield>
  </datafield>
  <datafield tag="505" ind1=" " ind2=" ">
    <subfield code="a">Bloque II: Estudio, ciudadan&#xED;a y medios. </subfield>
    <subfield code="g">1. La cr&#xF3;nica, un texto narrativo -- 2. El art&#xED;culo de divulgaci&#xF3;n cient&#xED;fica, un texto expositivo-explicativo -- 3. El discurso publicitario, un texto argumentativo -- 4. La columna de opini&#xF3;n, un texto argumentativo.</subfield>
  </datafield>
  <datafield tag="505" ind1=" " ind2=" ">
    <subfield code="a">Bloque III: Herramientas de la lengua, uso y reflexi&#xF3;n.</subfield>
    <subfield code="g">0. Para empezar -- 1. La comunicaci&#xF3;n -- 2. L oraci&#xF3;n -- 3. Las construcciones sustantivas y adjetivas -- 4. Los pronombres -- 5. La construcci&#xF3;n verbal -- 6. Los verboides y las frases verbales -- 7. Las proposiciones incluidas adjetivas -- 8. Las proposiciones incluidas sustantivas -- 9. Las proposiciones adverbiales -- 10. La expresi&#xF3;n de la modalidad -- 11.  Las proposiciones adverbiales II -- 12. El texto.</subfield>
  </datafield>
  <datafield tag="650" ind1=" " ind2="7">
    <subfield code="2">embne</subfield>
    <subfield code="a">Lengua espa&#xF1;ola </subfield>
  </datafield>
  <datafield tag="650" ind1=" " ind2="7">
    <subfield code="2">embne</subfield>
    <subfield code="a">G&#xE9;neros literarios</subfield>
  </datafield>
  <datafield tag="655" ind1=" " ind2="7">
    <subfield code="2">embne</subfield>
    <subfield code="a">Libros de texto</subfield>
  </datafield>
  <datafield tag="700" ind1="1" ind2=" ">
    <subfield code="a">Escandar, Patricia</subfield>
  </datafield>
  <datafield tag="700" ind1="1" ind2=" ">
    <subfield code="a">Lamanna Gui&#xF1;az&#xFA;, Dami&#xE1;n</subfield>
  </datafield>
  <datafield tag="700" ind1="1" ind2=" ">
    <subfield code="a">Mart&#xED;nez Cabrera, Mariel</subfield>
  </datafield>
  <datafield tag="700" ind1="1" ind2=" ">
    <subfield code="a">Rojas, Lorena</subfield>
  </datafield>
  <datafield tag="700" ind1="1" ind2=" ">
    <subfield code="a">S&#xF3;limo, Laura</subfield>
  </datafield>
  <datafield tag="700" ind1="1" ind2=" ">
    <subfield code="a">Rovatti, Daniela</subfield>
  </datafield>
  <datafield tag="700" ind1="1" ind2=" ">
    <subfield code="a">Palermo, Alejandro</subfield>
  </datafield>
  <datafield tag="700" ind1="1" ind2=" ">
    <subfield code="a">Miller, Ignacio</subfield>
  </datafield>
  <datafield tag="942" ind1=" " ind2=" ">
    <subfield code="2">udc</subfield>
    <subfield code="c">OG</subfield>
    <subfield code="n">0</subfield>
  </datafield>
  <datafield tag="999" ind1=" " ind2=" ">
    <subfield code="c">1044</subfield>
    <subfield code="d">1044</subfield>
  </datafield>
  <datafield tag="952" ind1=" " ind2=" ">
    <subfield code="0">0</subfield>
    <subfield code="1">0</subfield>
    <subfield code="2">udc</subfield>
    <subfield code="4">0</subfield>
    <subfield code="7">0</subfield>
    <subfield code="8">CG</subfield>
    <subfield code="a">ESOCIALES</subfield>
    <subfield code="b">ESOCIALES</subfield>
    <subfield code="d">2026-06-08</subfield>
    <subfield code="e">Donaci&#xF3;n 2026</subfield>
    <subfield code="l">0</subfield>
    <subfield code="o">80(07) L566</subfield>
    <subfield code="p">001530</subfield>
    <subfield code="r">2026-06-08 17:18:10</subfield>
    <subfield code="w">2026-06-08</subfield>
    <subfield code="y">OG</subfield>
  </datafield>
</record>
